| 000 | 00761nam a2200217 a 4500 | ||
|---|---|---|---|
| 005 | 20250606063820.0 | ||
| 008 | 081110s1980 mx r 000 0 spa d | ||
| 035 | _aUPN01000167622 | ||
| 049 | _aUNE | ||
| 080 | _a372.88 =20 "1977" SRI. | ||
| 111 | 2 |
_aMeeting of Experts on Language Teaching in a Bi-or Plurilingual and Multicultural Environment _d(1977 : _cParis) |
|
| 245 | 1 | 0 |
_aAcademic report / _cR.N. Srivastava. |
| 260 |
_aParis : _bUNESCO, _c1980. |
||
| 300 | _a54 p. | ||
| 690 | _aBilingüismo- Estrategias de enseñanza | ||
| 690 | _aEducacion lingüistica | ||
| 690 |
_aMultilingüísmo _913871 |
||
| 700 | 1 | _aSrivastava, R.N., coaut | |
| 710 | 2 | _aUNESCO. Division of Structures, Content, Methods and Techniques of Education | |
| 905 | _aUNESCO | ||
| 999 |
_c139733 _d139733 |
||